Optimal Control : An Introduction

Uložené v:
Podrobná bibliografia
Hlavný autor: Locatelli, Arturo (Autor)
Médium: Kniha
Jazyk:English
Vydavateľské údaje: Basel : Birkhäuser, 2001
Tagy: Pridať tag
Žiadne tagy, Buďte prvý, kto otaguje tento záznam!

MARC

LEADER 00000nam a22000003a 4500
001 stu91991
005 20150617225622.6
008 041207s2001----sz------------------eng-d
020 |a 3-7643-6408-4 
040 |a STU  |b slo 
041 0 |a eng 
044 |a sz 
080 |a 519.71  |7 stu_us_auth*stu8254 
100 1 |a Locatelli, Arturo  |4 aut 
245 1 |a Optimal Control :  |b An Introduction 
260 |a Basel :  |b Birkhäuser,  |c 2001 
300 |a 294 s. Grafy,lit.,index 
996 |b C98156  |c C*98156  |l CCXVI  |s P  |a 0  |w stu91991_0001